Der sinnreiche Junker Don Quixote von la Mancha (Record no. 2697)

MARC details
000 -CABECERA
campo de control de longitud fija 01762nam a2200325 a 4500
001 - NÚMERO DE CONTROL
campo de control BRCA_2958
005 - FECHA Y HORA DE LA ÚLTIMA TRANSACCIÓN
campo de control 20190320204039.0
008 - DATOS DE LONGITUD FIJA--INFORMACIÓN GENERAL
campo de control de longitud fija 161208s1892----gw-a---###---#000-0dger-u
041 ## - CÓDIGO DE LENGUA
Código de lengua del texto/banda sonora o título independiente ger
044 ## - CÓDIGO DEL PAÍS DE LA ENTIDAD EDITORA/PRODUCTORA
Código MARC del país gw
084 ## - OTRO NÚMERO DE CLASIFICACIÓN
Número de clasificación 299
Número de documento/Ítem .F758
-- 1892
100 1# - ENTRADA PRINCIPAL--NOMBRE DE PERSONA
Nombre de persona Cervantes Saavedra, Miguel de
Fechas asociadas al nombre 1547-1616
9 (RLIN) 213
245 10 - MENCIÓN DE TÍTULO
Título Der sinnreiche Junker Don Quixote von la Mancha
Mención de responsabilidad, etc. von Miguel de Cervantes Saavedra.
260 ## - PUBLICACIÓN, DISTRIBUCIÓN, ETC.
Lugar de publicación, distribución, etc. Stuttgart
Nombre del editor, distribuidor, etc. Fritschische Buchhandlung
Fecha de publicación, distribución, etc. 1892
300 ## - DESCRIPCIÓN FÍSICA
Extensión 2 v.
Otras características físicas il.
Dimensiones 21 cm.
500 ## - NOTA GENERAL
Nota general Contenido : v 1. Primera parte. Retrato de Cervantes. Noticia sobre la vida y obra de Cervantes basada en la escrita por Viardot. Introducción por H. Heine. Prólogo del autor. Texto. -- v 2. Segunda parte. Prólogo del autor. Texto
500 ## - NOTA GENERAL
Nota general Edición : Aus dem Spanischen Übersetzt mit dem Leben von Miguel Cervantes nach Viardot und einer Einleitung von Heirich Heine. Vierte Durchgesehen Auflage. Mit 120 Illustratione nach Tony Johannot Gezeichnet von C. Offterdinger
500 ## - NOTA GENERAL
Nota general Reimpresion de la edición publicada por la Casa editorial de Dennig Finck und Co., en 1842, pero mejor presentada e impresa. Tela; lomeras y cubiertas decoradas con adornos dorados y motivos quijotiles en varios colores Lúdovik Osterc
500 ## - NOTA GENERAL
Nota general QM1110
546 ## - NOTA DE LENGUA/LENGUAJE
Nota de lengua/lenguaje Texto en : alemán
650 14 - PUNTO DE ACCESO ADICIONAL DE MATERIA--TÉRMINO DE MATERIA
Término de materia o nombre geográfico como elemento de entrada Novela española
Subdivisión cronológica Época clásica, 1500-1700
9 (RLIN) 215
650 14 - PUNTO DE ACCESO ADICIONAL DE MATERIA--TÉRMINO DE MATERIA
Término de materia o nombre geográfico como elemento de entrada Literatura española
Subdivisión cronológica Época clásica, 1500-1700
9 (RLIN) 216
650 14 - PUNTO DE ACCESO ADICIONAL DE MATERIA--TÉRMINO DE MATERIA
Término de materia o nombre geográfico como elemento de entrada Novela española
Subdivisión cronológica Siglo XVII
9 (RLIN) 217
650 14 - PUNTO DE ACCESO ADICIONAL DE MATERIA--TÉRMINO DE MATERIA
Término de materia o nombre geográfico como elemento de entrada Don Quijote (Personaje ficticio)
Término indicativo de función/relación Novela
9 (RLIN) 218
700 1# - PUNTO DE ACCESO ADICIONAL--NOMBRE DE PERSONA
Nombre de persona Johannot, Tony
Fechas asociadas al nombre 1803-1852
Término indicativo de función/relación Ilustrador
9 (RLIN) 8216
700 1# - PUNTO DE ACCESO ADICIONAL--NOMBRE DE PERSONA
Nombre de persona Viardot, Louis
Fechas asociadas al nombre 1800-1883
Término indicativo de función/relación Biógrafo
9 (RLIN) 8217
740 0# - PUNTO DE ACCESO ADICIONAL--TÍTULO RELACIONADO O ANALÍTICO NO CONTROLADO
Título relacionado o analítico no controlado El Ingenioso Hidalgo Don Quijote de la Mancha
902 ## - CATALOGADOR
Iniciales QFM
942 ## - ELEMENTOS DE PUNTO DE ACCESO ADICIONAL (KOHA)
Fuente del sistema de clasificación o colocación Library of Congress Classification
Tipo de ítem Koha Libros
Holdings
Estado de retiro Estado de pérdida Estado dañado No para préstamo Localización permanente Ubicación/localización actual Fecha de adquisición Número de inventario Total de préstamos Signatura topográfica completa Código de barras Fecha visto por última vez Precio válido a partir de Tipo de ítem Koha
El ejemplar forma parte de la colección y puede ser consultado según las políticas vigentes.       Biblioteca del Museo Franz Mayer (Rogerio Casas-Alatriste) Biblioteca del Museo Franz Mayer (Rogerio Casas-Alatriste) 16/12/2008 QM1110   299 .F758 1892 (QM1110) 2955 22/03/2019 22/03/2019 Libros